| 000 | 01109cam a2200301 i 4500 | ||
|---|---|---|---|
| 001 | 33008 | ||
| 003 | Mx-PuUPA | ||
| 005 | 20260305093123.0 | ||
| 008 | 140415s1993 mx a gr 000 0 spa d | ||
| 020 | _a9686056696 | ||
| 040 |
_cMx-PuUPA _aMx-PuUPA _bspa _dMx-PuUPA _erda |
||
| 041 | 0 | _aspa | |
| 100 | 1 |
_aGallo Reynoso, Joaquín, _917346 _eautor |
|
| 245 | 1 | 0 |
_aSemana Guadalupana : _ba partir del Nican Mopohua - una semana para transformar la historia ... / _cJoaquín Gallo Reynoso |
| 250 |
_aSegunda edición / _bnoviembre |
||
| 264 | 1 |
_aMéxico, D.F. : _bObra Nacional de la Buena Prensa, _c1993 |
|
| 300 |
_a112 páginas : _bilustraciones ; _c21 cm |
||
| 336 |
_atexto _2rdacontent _btxt |
||
| 337 |
_asin medio _2rdamedia _bn |
||
| 338 |
_avolumen _2rdacarrier _bnc |
||
| 600 | 0 | 4 |
_aVirgen de Guadalupe _xCulto |
| 600 | 0 | 4 |
_aVirgen María _xOraciones y devociones |
| 600 | 0 | 4 |
_aNuestra Señora de Guadalupe _xOraciones y devociones |
| 600 | 0 | 4 |
_aValeriano, Antonio, _daproximadamente 1520-1605 |
| 942 |
_2ddc _cLI _h232.917 _iG46 |
||
| 999 |
_c33008 _d33008 |
||